|
|
|
|
| LEADER |
01725nam a2200397 i 4500 |
| 001 |
36746 |
| 003 |
BD-DhAAL |
| 005 |
20211129112907.0 |
| 008 |
191125t2020 nyua 001 0 eng |
| 999 |
|
|
|c 41377
|d 41377
|
| 010 |
|
|
|a 2013044253
|
| 020 |
|
|
|a 9781260569933 (hbk. : acidfree paper)
|
| 020 |
|
|
|a 1260569934
|
| 040 |
|
|
|a DLC
|b eng
|c DLC
|e rda
|d DLC
|d BD-DhAAL
|
| 042 |
|
|
|a pcc
|
| 050 |
0 |
0 |
|a HG179
|b .K37 2015
|
| 082 |
0 |
0 |
|a 332.024
|2 23
|
| 100 |
1 |
|
|a Kapoor, Jack R.,
|d 1937-
|9 37666
|
| 245 |
1 |
0 |
|a Personal finance /
|c Jack R. Kapoor... [et..al]
|
| 250 |
|
|
|a Thirteen edition.
|
| 260 |
|
|
|a New York, NY :
|b McGraw-Hill Education,
|c c2020
|
| 300 |
|
|
|a xxxviii, 687, I-24 pages :
|b color illustrations ;
|c 28 cm.
|
| 490 |
0 |
|
|a The McGraw-Hill/Irwin series in finance, insurance, and real estate
|
| 504 |
|
|
|a Includes bibliographical references and index.
|
| 526 |
|
|
|a BBS
|
| 541 |
|
|
|a Development book agency, Trim education
|e 36746. 36798
|
| 650 |
|
0 |
|a Finance, Personal.
|9 37667
|
| 650 |
|
0 |
|a Business & finance.
|9 43371
|
| 700 |
|
|
|a Dlabay, Les R.
|9 37668
|
| 700 |
|
|
|a Hughes, Robert J.
|9 37669
|
| 700 |
|
|
|a Hart, Melissa M.
|9 37670
|
| 830 |
|
|
|a The McGraw-Hill/Irwin series in finance, insurance, and real estate
|9 37671
|
| 852 |
|
|
|a Ayesha Abed Library
|c General Stacks
|
| 942 |
|
|
|2 ddc
|c BK
|
| 952 |
|
|
|0 0
|1 0
|2 ddc
|4 0
|6 332_024000000000000_KAP
|7 0
|9 67275
|a BRACUL
|b BRACUL
|c GEN
|d 2019-11-24
|e Development Book Agency
|g 4844.00
|l 1
|m 1
|o 332.024 KAP
|p 3010036746
|r 2026-01-05
|s 2025-11-26
|t 1
|v 4844.00
|w 2019-11-24
|y BK
|
| 952 |
|
|
|0 0
|1 0
|2 ddc
|4 0
|6 332_024000000000000_KAP
|7 0
|9 67416
|a BRACUL
|b BRACUL
|c GEN
|d 2019-12-10
|e Trim Education
|g 4844.00
|l 2
|m 16
|o 332.024 KAP
|p 3010036798
|r 2026-05-07
|s 2026-02-02
|t 2
|v 4844.00
|w 2019-12-10
|y BK
|